000 00698nam a2200205Ia 4500
001 15720
003 GE_BSU
008 181216s||||||||xx |||||||||||||| ||und||
040 _cGE_BSU
080 _a821.353.1
100 _aწვერავა, სიმონ
245 _aმოთხრობები
245 _cწინას.ავტ.ვლ.ჯიბუტი.რედ.ილ.ხოშრატია. მხ.გ.ქუთათელაძე
260 _aთბილისი
260 _bსაბჭ. საქართველო
260 _c1966
300 _a448გვ. : 1ფ. პორტრ. ; 21სმ
653 _aმოთხრობები
942 _cBK
999 _c48818
_d48818